Southville International School and Colleges
Your cart is empty.
  • Cart
  • Lists
    Public lists Eva Luna New books Lux_list list_1
    Your lists Log in to create your own lists
  • Log in to your account
  • Your cookies
  • Search history
Southville International School and Colleges
  • Advanced search
  • Recent comments
  • Most popular
  • Libraries

Log in to your account

Log in with GOOGLE


If you do not have an external account, but do have a local account, you can still log in:

  1. Home
  2. MARC view: Leonardo Da Vinci /
Normal view MARC view ISBD view

Leonardo Da Vinci / (Record no. 105442)

[ view plain ]
MARC details
000 -LEADER
fixed length control field 00456nam a2200157 a 4500
005 - DATE AND TIME OF LATEST TRANSACTION
control field 20140412111359.0
008 - FIXED-LENGTH DATA ELEMENTS--GENERAL INFORMATION
fixed length control field 060126s19uu xx 00 eng d
020 ## - INTERNATIONAL STANDARD BOOK NUMBER
International Standard Book Number 0-439-12059-4
050 ## - LIBRARY OF CONGRESS CALL NUMBER
Classification number M 927.5903
Item number St2 1996
100 ## - MAIN ENTRY--PERSONAL NAME
Personal name Stanley, Diane
245 ## - TITLE STATEMENT
Title Leonardo Da Vinci /
Statement of responsibility, etc Diane Stanley.
260 ## - PUBLICATION, DISTRIBUTION, ETC. (IMPRINT)
Place of publication, distribution, etc New York :
Name of publisher, distributor, etc Scholastic Inc.,
Date of publication, distribution, etc 1996.
300 ## - PHYSICAL DESCRIPTION
Extent 1 v. (unp.) ; ill.
650 ## - SUBJECT ADDED ENTRY--TOPICAL TERM
Topical term or geographic name as entry element Da Vinci--Biography
General subdivision Juvenile literature
Holdings
Withdrawn status Lost status Damaged status Use restrictions Home library Current library Shelving location Date acquired Source of acquisition Cost, normal purchase price Total Checkouts Full call number Barcode Date last seen Price effective from Koha item type
        Elizalde Library Elizalde Library Main Section 01/26/2006   195.00   M 927.5903 St2 1996 E10146 04/12/2014 04/12/2014 Books

Leonardo Da Vinci /

APA

Stanley D., . (1996). Leonardo Da Vinci. New York: Scholastic Inc.

Chicago

Stanley Diane, . 1996. Leonardo Da Vinci. New York: Scholastic Inc.

Harvard

Stanley D., . (1996). Leonardo Da Vinci. New York: Scholastic Inc.

MLA

Stanley Diane, . Leonardo Da Vinci. New York: Scholastic Inc. 1996.

  • Place hold
  • Print
  • Cite
  • Add to your cart (remove)
  • Save record
    BIBTEX Dublin Core MARCXML MARC (non-Unicode/MARC-8) MARC (Unicode/UTF-8) MARC (Unicode/UTF-8, Standard) MODS (XML) RIS
  • More searches
    Search for this title in:
    Other Libraries (WorldCat) Other Databases (Google Scholar) Online Stores (Bookfinder.com) Open Library (openlibrary.org)

Exporting to Dublin Core...

SOUTHVILLE LIBRARY

Southville International School and Colleges Library

1281 Tropical Ave. Cor. Luxembourg St., BF Homes International, Las Pinas City

Tel. No. 8256374 / 252358 Loc. 117/146

Powered by Koha